banner-ar

فلسفة الفن فى الفكر المعاصر / (Record no. 42490)

MARC details
000 -الفاتح
حقل البيانات ثابتة الطول 00720nam a2200241Ia 4500
005 - وقت وتاريخ اخر تعامل مع التسجيلة
رقم الضبط 20240530103803.0
008 - عناصر البيانات ثابتة الطول - معلومات عامة
حقل البيانات ثابتة الطول 140319s9999 xx 000 0 ara d
040 ## - مصدر الفهرسة
وكالة الفهرسة الأصلية GCL /
وكالة النسخ GCL
082 04 - رقم تصنيف ديوى العشرى
رقم التصنيف 191
رقم المادة ز ف
100 1# - المدخل الرئيسى - إسم شخصى
الإسم الشخصى زكريا ابراهيم
245 10 - بيان العنوان
العنوان فلسفة الفن فى الفكر المعاصر /
بيان المسئوليه,etc زكريا ابراهيم
250 ## - بيان الطبعة
بيان الطبعة الاولى
260 ## - PUBLICATION, DISTRIBUTION, ETC. (IMPRINT)
تاريخ النشر أو التوزيع 1966
300 ## - الوصف المادى
التعداد 350ص ؛
أبعاد الوعاء 24سم
490 ## - بيان السلسلة
عنوان السلسلة دراسات جمالية
رقم المجلد/ التعيين التسلسلي 1
650 04 - المدخل الاضافى بالموضوع-مصطلح موضوعى
مصطلح موضوعي الفلسفة
650 04 - المدخل الاضافى بالموضوع-مصطلح موضوعى
مصطلح موضوعي الاخلاق
650 04 - المدخل الاضافى بالموضوع-مصطلح موضوعى
مصطلح موضوعي جان بول سارتر
650 04 - المدخل الاضافى بالموضوع-مصطلح موضوعى
مصطلح موضوعي هيدجر
650 04 - المدخل الاضافى بالموضوع-مصطلح موضوعى
مصطلح موضوعي الجمال - علم
942 ## - عناصر المدخل الإضافي( كوها)
مصدر التصنيف او مخطط الترفيف Dewey Decimal Classification
Koha [default] item type كتاب
260 ## - PUBLICATION, DISTRIBUTION, ETC. (IMPRINT)
-- القاهرة :
-- دار مصر للطباعة ،
Holdings
حالة التراجع حالة الفقد حالة تلف ليس للاعارة المكان المؤقت الموقع الحالى تاريخ الاكتساب اجمالي اﻻعارات رقم الطلب الباركود تاريخ اخر مشاهدة تاريخ تفعيل السعر نوع وعاء كوها مصدر التصنيف او خطة الترفيف موقع الترفيف
        مكتبة القاهرة الكبرى مكتبة القاهرة الكبرى 03/26/2014   191\ز ف 102608 03/26/2014 03/26/2014 كتاب    
        مكتبة القاهرة الكبرى مكتبة القاهرة الكبرى 03/26/2014   191\ز ف 102609 03/26/2014 03/26/2014 كتاب    
        مكتبة القاهرة الكبرى مكتبة القاهرة الكبرى 05/16/2018   191 ز ف 164784 05/16/2018 05/16/2018 كتاب ddc القاعة الرئيسية
        مكتبة القاهرة الكبرى مكتبة القاهرة الكبرى 05/16/2018   191 ز ف 164785 05/16/2018 05/16/2018 كتاب ddc القاعة الرئيسية
        مكتبة القاهرة الكبرى مكتبة القاهرة الكبرى 05/19/2018   191 ز ف 164806 05/19/2018 05/19/2018 كتاب ddc القاعة الرئيسية

Powered By

EGPV